| 000 | 00323nam a2200109Ia 4500 | ||
|---|---|---|---|
| 008 | 230907s9999||||xx |||||||||||||| ||und|| | ||
| 082 |
_a621.31 _bSMA |
||
| 245 | 0 | _aSmart energy grid engineering / | |
| 260 |
_aAcademic Press, _bLondon, United Kingdom ; | San Diego, CA : _c2017 |
||
| 300 | _axxxiii, 534 pages : | ||
| 942 | _cBK | ||
| 999 |
_c598971 _d598971 |
||